MARC

LEADER 00000nam0a2200000 4500
001 251125
005 20231101232628.0
035 |a (RuTPU)RU\TPU\book\273383 
090 |a 251125 
100 |a 20140219d1988 k y0rusy50 ca 
101 0 |a rus 
102 |a RU 
105 |a a z 001zy 
200 1 |a Теоретические и практические аспекты теории контактных взаимодействий при резании металлов  |e межвузовский сборник научных трудов  |f Чувашский государственный университет (ЧГУ) ; отв. за вып. М. Б. Гордон 
210 |a Чебоксары  |c Изд-во Чувашского ун-та  |d 1988 
215 |a 80 с.  |c ил. 
320 |a Библиогр. в конце ст. 
606 1 |a Техническая информация  |x Резание металлов  |2 stltpush  |3 (RuTPU)RU\TPU\subj\60050  |9 77540 
610 1 |a теоретические аспекты 
610 1 |a практические аспекты 
610 1 |a теория 
610 1 |a контактное взаимодействие 
610 1 |a металлы 
610 1 |a разрушение 
610 1 |a шлифование 
610 1 |a практическое применение 
675 |a 621.9.015  |v 3 
702 1 |a Гордон  |b М. Б.  |4 540 
712 0 2 |a Чувашский государственный университет (ЧГУ)  |c (Чебоксары)  |2 stltpush  |3 (RuTPU)RU\TPU\col\299 
801 1 |a RU  |b 63413507  |c 20140219 
801 2 |a RU  |b 63413507  |c 20190607  |g RCR 
942 |c BK